| 000 | 00512cam a2200145 4500 | ||
|---|---|---|---|
| 008 | 150415n 000 0 eng u | ||
| 035 | _a(Sirsi) a189419 | ||
| 050 | _aFAO 5818 PUB 2014 | ||
| 110 | 1 | _aFood and Agriculture Organization | |
| 245 | _aPublication of the Food and Agriculture Organization of the United Nations | ||
| 260 |
_aRome: _bFood and Agriculture Organization, _c2014 |
||
| 300 |
_a82p.: _bill. |
||
| 504 | _aIncludes index | ||
| 650 | _aFood and Agriculture Organization of the United Nations | ||
| 999 |
_c125278 _d125278 |
||